000
00445nam a2200133Ia 4500
008
100328s9999 xx 000 0 und d
082
_b
74947
100
_a
निपुणगे शीला.
245
_a
चार भिंती एक छप्पर.
260
_b
शब्दरत्न.
630
_a
चार भिंती एक छप्पर.
730
_a
चार भिंती एक छप्पर.
942
_c
BOOK
999
_c
560668
_d
560665